Регионална библиотека "Любен Каравелов" - Русе

Замърсяване на атмосферния въздух и средства за опазване на чистотата му (Запис номер 60031)

MARC детайли
000 -Лидер
Контролно поле с фиксирана дължина 01593nam a2200301 c 4500
003 - Код на организацията, давaща контролен номер
Контролно поле BLK
005 - Дата и час на последна редакция
Контролно поле 20220826153005.0
008 - Елементи от данни с фиксирана дължина
fixed length control field 180408b bul|||||r ||||||| ||bul||
010 ## - Наследен системен номер
LC control number KNG00064161000
040 ## - Източник на каталожния запис
Идентификатор на билиотеката - собственик на записа BLK
041 ## - Код за език
Код за езика на текст/звукозапис или на отделно заглавие Български
Код за езика КДБФ Български
080 ## - УДК
Текстов определител УДК Защита от производствени вредности в предприятията - Прах, отровни газове и изпарения, бактерии, шум, вибрации, оптически и електрически въздействия, .
УДК код - определител по УДК 628.51
УДК определител (035)
УДК - код + определител 628.51(035)
080 ## - УДК
Текстов определител УДК Медицинска екология. Комунална хигиена и санитария. Хигиена на градове и села. Вж и 351. 77; 502. 6; 628
УДК код - определител по УДК 614.7
УДК определител (035)
УДК - код + определител 614.7(035)
100 1# - Редна дума - Автор
Автор Мирчев, Васил А.
Авторска отговорност първи автор
R(LIN) 289531
139 ## - Редно поле
Редна дума Мирчев, Васил А. и др.
Авторски знак Минк - М 66
245 10 - Сведения за заглавието
Заглавие Замърсяване на атмосферния въздух и средства за опазване на чистотата му
Подзаглавни данни Ръководство
Редно поле (дума) Васил А. Мирчев; съавт. Димитър А. Минков; науч. ред. Павлина Друмева.
257 ## - Страна на издаване
Страна на създаване/издаване България
260 ## - Област на издателските данни
Място на издаване, разпространение и проч. София
Име на издателя, разпространителя и проч. Техника
Година на издаване 1974
300 ## - Физическа характеристика
Страници 304 с.
Размери/Мащаб 23 см
380 ## - Жанр
Жанр Техника
700 1# - Други автори (авторска отговорност)
Лично име Минков, Димитър А.
Автороска отговорност (Описва отношението между автора и произведението) съавт.
9 (RLIN) 289532
700 1# - Други автори (авторска отговорност)
Лично име Друмева, Павлина
Автороска отговорност (Описва отношението между автора и произведението) науч. ред.
9 (RLIN) 288885
852 ## - Местоположение
Форматна сигнатура Цб 73215
856 4# - Електронен адрес и достъп
Електронен формат pdf - файл
856 4# - Електронен адрес и достъп
Електронен формат pdf - файл
999 ## - СИСТЕМНИ КОНТРОЛНИ НОМЕРА
Koha biblionumber 60031
Koha biblioitemnumber 60031
942 ## - АРТИКУЛИ
Вид на библиотечния материал Книги
Скрит в OPAC Не
Периодичен библиозапис Да
944 ## - СЪЗДАВАНЕ И РЕДАКЦИЯ на ЗАПИСА
Създаване/Редакция Създаване
Дата на регистрацията/редакция 13.06.2004
Служител, извършил регистрацията/редакцията Читалня
944 ## - СЪЗДАВАНЕ И РЕДАКЦИЯ на ЗАПИСА
Създаване/Редакция Редакция
Дата на регистрацията/редакция 27.08.2015
944 ## - СЪЗДАВАНЕ И РЕДАКЦИЯ на ЗАПИСА
Създаване/Редакция Редакция
Дата на регистрацията/редакция 2022-08-26
Служител, извършил регистрацията/редакцията Христина Везирева
999 ## - СИСТЕМНИ КОНТРОЛНИ НОМЕРА
Koha biblioitemnumber 60031
Наличности
Код за отписване Код за изгубен артикул Източник на класификационната схема Код за повреда Коз за рестрикции Код за отдаване Артикулен № Име на библиотеката - собственик Име на библиотеката, в която се намира в момента Статус (Текущо местоположение) Дата на вписване в системата Местоположение - отдел Цена в лева Инвентарен номер Систематично азбучна сигнатура Баркод Номер на екземпляра Цена в евро Служебна бележка Служебен тип на артикула
  Не е изгубен Universal Decimal Classification Не е повреден без рестрикции ползва се в читалня 98525 Регионална библиотека "Любен Каравелов" Русе Регионална библиотека "Любен Каравелов" Русе Читалня 1993-01-01 Читалня 2.14 171280 Ч 628/М 66 120000171280 1 1.09 N: стар фонд Дата инв: 24.03.2017 Бележки инв: Ч2017 Книги
  Не е изгубен Universal Decimal Classification Не е повреден без рестрикции ползва се в читалня 98526 Регионална библиотека "Любен Каравелов" Русе Регионална библиотека "Любен Каравелов" Русе Хранилище 1993-01-01 Хранилище 2.14 170869 Цб 73215 120000170869 2 1.09 N: стар фонд Книги
Vip Innovations Ltd, Rousse, Bulgaria 2025